面积≥2.5万km2 (0.42T) 的地级市 Top 48 Prefectures by area - Statistics

General Stats
  • This quiz has been taken 170 times
  • The average score is 27 of 48
Answer Stats
城市 面积/km2 面积/T % Correct
哈尔滨 53076 0.89
88%
那曲 352192 5.91
83%
呼伦贝尔 261570 4.39
81%
酒泉 168080 2.82
81%
榆林 42921 0.72
80%
通辽 59629 1.00
79%
日喀则 182000 3.05
78%
昌都 109817 1.84
78%
延安 37037 0.62
77%
赤峰 90021 1.51
76%
山南 79699 1.34
76%
齐齐哈尔 42469 0.71
76%
鄂尔多斯 86882 1.46
74%
林芝 117175 1.97
73%
黑河 69345 1.16
73%
承德 39490 0.66
72%
张家口 36797 0.62
70%
乌兰察布 54456 0.91
68%
赣州 39363 0.66
67%
吐鲁番 69764 1.17
66%
巴彦淖尔 65140 1.09
65%
张掖 38592 0.65
65%
拉萨 29518 0.50
65%
哈密 137222 2.30
63%
牡丹江 38827 0.65
62%
包头 27768 0.47
60%
佳木斯 32704 0.55
58%
武威 32347 0.54
56%
伊春 32800 0.55
54%
绥化 34873 0.58
52%
重庆 82402 1.38
47%
南阳 26509 0.44
47%
普洱 44266 0.74
46%
曲靖 28935 0.49
39%
吉林 27711 0.46
39%
南平 26280 0.44
39%
百色 36202 0.61
38%
白城 25759 0.43
38%
遵义 30762 0.52
35%
庆阳 27117 0.45
35%
怀化 27572 0.46
33%
汉中 27096 0.45
33%
忻州 25236 0.42
33%
河池 33476 0.56
32%
陇南 27839 0.47
31%
毕节 26849 0.45
26%
桂林 27667 0.46
20%
吉安 25284 0.42
19%
No matching quizzes found
Score Distribution
Percent of People with Each Score
Percentile by Number Answered
Your Score History
You have not taken this quiz